Statistics for Pentatonix Charting Songs (Billboard Hot 100)

Click here to take the quiz!

General Stats

  • This quiz has been taken 24 times
    (7 since last reset)
  • The average score is 3 of 5

Answer Stats

AlbumWeeks OnPeakArtist(s)Song% Correct
That's Christmas To Me7 Weeks#26PentatonixMary, Did You Know?
100%
A Pentatonix Christmas11 Weeks#23PentatonixHallelujah
83%
Pentatonix1 Week#99PentatonixCan't Sleep Love
50%
Holidays Around the World2 Weeks#93Pentatonix ft. Meghan TrainorKid on Christmas
50%
PTXmas (Deluxe Edition)3 Weeks#13PentatonixLittle Drummer Boy
17%

Score Distribution

Percentile by Number Answered

Percent of People with Each Score

Your Score History

You have not taken this quiz since the last reset